000 00515nam a2200193Ia 4500
003 OSt
005 20221007082811.0
006 a|||||r|||| 00| 0
007 ta
008 221006b |||||||| |||| 00| 0 eng d
024 _a23,537
037 _cDissertations
040 _aFLL
_cFLL
_beng
041 _2eng
_aeng
100 _aYaduvanshi Manish
_9699499
245 0 _aFreedom of speech and expression vis-a-vis contempt of Court.
942 _cDIS
_2CC
999 _c1167764
_d1167764